| 000 | 00830nam a22001937a 4500 | ||
|---|---|---|---|
| 999 |
_c62873 _d62873 |
||
| 003 | Ge_BSU | ||
| 005 | 20250313164225.0 | ||
| 008 | 250313s1995 ge ||||| |||| 00| 0 geo d | ||
| 041 | _ageo | ||
| 080 | _a616-053.2(075.8) ხ-43 | ||
| 100 |
_aხერხეულიძე, ნოდარ _924555 |
||
| 245 |
_aბავშვთა დაავადებების პროპედევტიკა : _b[სახელმძღვ. პედიატრიის ფაკ. სტუდ.] / _cნოდარ ხერხეულიძე. |
||
| 264 |
_aთბ. : _b მედეა, _c1995. |
||
| 300 |
_a532 გვ. ; _b20 სმ. |
||
| 653 | _aპედიატრია | ||
| 653 | _aბავშვთა დაავადებები | ||
| 653 | _aმედიცინა | ||
| 942 |
_2udc _cᲬᲘᲒᲜᲘ |
||